| 000 | 00378nam a2200157Ia 4500 | ||
|---|---|---|---|
| 008 | 230917s9999||||xx |||||||||||||| ||und|| | ||
| 020 | _cRS15 | ||
| 040 |
_e48521 _aMAIN |
||
| 041 | _aEnglish | ||
| 082 | _a954.5 M294G | ||
| 100 | _aMalhotra, S L | ||
| 245 | 0 | _aGandhi and the Punjab | |
| 260 |
_aChandigarh _bPunjab University _c1970 |
||
| 300 | _axii, 197 p. | ||
| 942 | _cBK | ||
| 999 |
_c186960 _d186960 |
||